Tropical forest seed
| Format: | Book |
|---|---|
| Published: |
Denmark :
Springer ,
2006
|
| Series: | Tropical forestry
|
| Subjects: |
MARC
| LEADER | 00000cam a2200000 7i4500 | ||
|---|---|---|---|
| 001 | 0000003838 | ||
| 005 | 20110721.0 | ||
| 020 | 0 | 0 | |a 9783540490289 |
| 090 | 0 | 0 | |a 634.9 |b LARS 2007 |
| 245 | 0 | 0 | |a Tropical forest seed |c Lars Schmidt |
| 260 | 0 | 0 | |a Denmark : |b Springer , |c 2006 |
| 300 | |a xviii, 409 p. : |b ill. ; |c 24 cm. | ||
| 440 | 0 | 0 | |a Tropical forestry |
| 500 | 0 | 0 | |a Includes references and index |
| 650 | 0 | 0 | |a Method |
| 650 | 0 | 0 | |a Technique |
| 998 | |a JPSM | ||
| 999 | |a 007422 |b Monograph |c Open Shelf |e Default branch | ||